Financial management: An analysis and conceptual approach (Record no. 165381)

MARC details
000 -LEADER
fixed length control field 00448nam a2200169Ia 4500
008 - FIXED-LENGTH DATA ELEMENTS--GENERAL INFORMATION
fixed length control field 230917s9999||||xx |||||||||||||| ||und||
020 ## - ISBN
Price RS0.55
040 ## - CATALOGING SOURCE
-- 32353
Original cataloging agency VIVEKANANDA LIBRARY
041 ## - Language
-- English
082 ## - DDC NUMBER
Classification number 658.15 K952F
100 ## - MAIN ENTRY--PERSONAL NAME
Personal name Kuchhal, S C
245 #0 - TITLE STATEMENT
Title Financial management: An analysis and conceptual approach
250 ## - EDITION STATEMENT
Edition statement 7th ed.
260 ## - PUBLICATION, DISTRIBUTION, ETC. (IMPRINT)
Place of publication, distribution, etc Allahabad
Name of publisher, distributor, etc Chaitanya Publishing House
Date of publication, distribution, etc 1980
300 ## - PHYSICAL DESCRIPTION
Pages xvi, 699 p.
942 ## - ADDED ENTRY ELEMENTS (KOHA)
Koha item type Books
Holdings
Withdrawn status Lost status Damaged status Not for loan Location (home branch) Sublocation or collection (holding branch) Date acquired Koha issues (times borrowed) Koha full call number Accession No. Koha date last seen Koha item type
        VIVEKANANDA LIBRARY VIVEKANANDA LIBRARY 29/08/2002   658.15 K952F 30448 17/09/2023 Books
        VIVEKANANDA LIBRARY VIVEKANANDA LIBRARY 29/08/2002   658.15 K952F 82712 17/09/2023 Books
        VIVEKANANDA LIBRARY VIVEKANANDA LIBRARY 29/08/2002   658.15 K952F BB1605 17/09/2023 Books
© Designed and Maintained by Vivekananda Library, MDU Rohtak